Govt. of
Madhya Pradesh

India : Social Structure (Record no. 5681)

MARC details
000 -LEADER
fixed length control field 004310000a22001690004500
003 - CONTROL NUMBER IDENTIFIER
control field MACL
005 - DATE AND TIME OF LATEST TRANSACTION
control field 20150709132837.0
008 - FIXED-LENGTH DATA ELEMENTS--GENERAL INFORMATION
fixed length control field 150709b xxu||||| |||| 00| 0 eng d
040 ## - CATALOGING SOURCE
Original cataloging agency MACL
Transcribing agency MACL
041 ## - LANGUAGE CODE
Language code of text/sound track or separate title English
082 ## - DEWEY DECIMAL CLASSIFICATION NUMBER
Classification number 305/SRI
100 ## - MAIN ENTRY--PERSONAL NAME
Personal name Srinivas, M N
9 (RLIN) 846
245 ## - TITLE STATEMENT
Title India : Social Structure
260 ## - PUBLICATION, DISTRIBUTION, ETC. (IMPRINT)
Name of publisher, distributor, etc. hindustan Publishing Corporation
Date of publication, distribution, etc. 1982
Place of publication, distribution, etc. Delhi
650 ## - SUBJECT ADDED ENTRY--TOPICAL TERM
Topical term or geographic name as entry element Social Science
9 (RLIN) 1518
942 ## - ADDED ENTRY ELEMENTS (KOHA)
Koha item type Books
Call number prefix 305
Source of classification or shelving scheme
Holdings
Withdrawn status Lost status Source of classification or shelving scheme Damaged status Not for loan Home library Current library Date acquired Total Checkouts Full call number Barcode Date last seen Date last checked out Uniform Resource Identifier Price effective from Koha item type
          MACL MACL 15/04/2015 1 305/SRI CRE003060 02/05/2024 23/04/2016 5629 15/04/2015 Books